| 000 | 00602nam a2200217 a 4500 | ||
|---|---|---|---|
| 005 | 20210219152957.0 | ||
| 008 | 991125n 000 0 u | ||
| 035 | _aUPN01000070260 | ||
| 100 | _aGARCIA OJEDA, Magaly | ||
| 222 | _aEDUCACION | ||
| 245 | _aÿ Cuáles son los cambios introducidos en el trabajo metodológico? | ||
| 260 | _aCUBA | ||
| 300 | _a26-35 | ||
| 362 | _a1986 Año 16, no. 63 oct.-dic. | ||
| 653 | 0 | _aAPRENDIZAJE | |
| 653 | 0 | _aPOLITICA EDUCATIVA | |
| 653 | 0 | _aPROCESO ENSEÑANZA-APRENDIZAJE | |
| 653 | 0 | _aREFORMA EDUCATIVA | |
| 904 |
_aAC _b008071 |
||
| 905 | _aArticulo | ||
| 999 |
_c65305 _d65305 |
||